| 000 | 00516nam a2200181Ia 4500 | ||
|---|---|---|---|
| 003 | IN-BaIIA | ||
| 008 | 211028s9999 xx 000 0 eng d | ||
| 040 | _cIIA Library | ||
| 080 |
_a535.338 _bPEA |
||
| 100 |
_aPearse, R .W. B. _91777 |
||
| 245 | 4 |
_aThe identification of molecular spectra _cR .W. B. Pearse |
|
| 260 |
_aLondon _bChapman and Hall _c1941 |
||
| 300 | _aviii, 221p. | ||
| 650 |
_aMolecular spectra _91778 |
||
| 650 |
_aMolecular spectroscopy _91779 |
||
| 650 |
_aX-ray spectroscopy _91780 |
||
| 942 | _cBK | ||
| 999 |
_c832 _d832 |
||